Property Report (Record no. 84220)

MARC details
000 -LEADER
fixed length control field 01380cad a22002055a 4500
001 - CONTROL NUMBER
control field L156980
008 - FIXED-LENGTH DATA ELEMENTS--GENERAL INFORMATION
fixed length control field 120803s2012 xxk 000 0 eng d
035 ## - SYSTEM CONTROL NUMBER
System control number (Sirsi) u156980
041 0# - LANGUAGE CODE
Language code of text/sound track or separate title eng
110 2# - MAIN ENTRY--CORPORATE NAME
Corporate name or jurisdiction name as entry element BNP Paribas Real Estate
9 (RLIN) 5715
245 00 - TITLE STATEMENT
Title Property Report
Remainder of title main office markets in Western Europe - Q2 2012
260 ## - PUBLICATION, DISTRIBUTION, ETC.
Place of publication, distribution, etc. [S.l.]
Name of publisher, distributor, etc. BNP Paribas
Date of publication, distribution, etc. 2012
490 ## - SERIES STATEMENT
Series statement BNP Paribas Property Report Main Office Markets in Western Europe
Volume/sequential designation July 2012
520 ## - SUMMARY, ETC.
Summary, etc. The negative economic context caused a further drop in letting activity in major Western European markets in Q2 2012. Office space vacancy rates have stabilised as completions are still relatively low, but rents remain under downward pressure in the weakest occupier markets. Office investment is proving resilient despite the downturn and uncertain occupier fundamentals. Q2 was marked by the return of uncertainty. Office take-up remained below 2011's level in major markets but office investment volume strengthened further in Q2. Prime yields rose slightly in the weakest occupier markets.
590 ## - LOCAL NOTE (RLIN)
Local note KA NTK
651 #4 - SUBJECT ADDED ENTRY--GEOGRAPHIC NAME
Geographic name Europe
690 ## - LOCAL SUBJECT ADDED ENTRY--TOPICAL TERM (OCLC, RLIN)
Topical term or geographic name as entry element Commercial property
9 (RLIN) 6227
856 40 - ELECTRONIC LOCATION AND ACCESS
Uniform Resource Identifier <a href="https://www.realestate.bnpparibas.com/bnppre/overview-office-investment-outperforming-occupier-demand-july-2012-p_1551382">https://www.realestate.bnpparibas.com/bnppre/overview-office-investment-outperforming-occupier-demand-july-2012-p_1551382</a>
Public note View the report after creating an account (free) at www.realestate.bnpparibas.com
942 ## - ADDED ENTRY ELEMENTS (KOHA)
Suppress in OPAC 0
Holdings
Withdrawn status Lost status Source of classification or shelving scheme Damaged status Not for loan Home library Current library Shelving location Date acquired Total Checkouts Full call number Barcode Date last seen Copy number Price effective from Koha item type
    Dewey Decimal Classification     Virtual Virtual Online 03/08/2012   ONLINE PUBLICATION 156980-2001 06/08/2019 1 06/08/2019 Book